[Event "CHI-ch"]
[Site "Santiago de Chile"]
[Date "2015.02.22"]
[Round "2"]
[White "Marin Pincheira, Carlos"]
[Black "Zapata Ferrada, Marco"]
[Result "1/2-1/2"]
[WhiteElo "2174"]
[BlackElo "2423"]
[PlyCount "78"]
[EventDate "2015.02.21"]
[EventType "swiss"]
[EventRounds "9"]
[EventCountry "CHI"]
[SourceTitle "CBM 165 Extra"]
[Source "ChessBase"]
[SourceDate "2015.04.21"]
[SourceVersion "1"]
[SourceVersionDate "2015.04.21"]
[SourceQuality "1"]

1. e4 d5 2. exd5 Qxd5 3. Nc3 Qd6 4. d4 Nf6 5. Nf3 a6 6. Bd3 Bg4 7. h3 Bxf3 8. Qxf3 Nc6 9. Be3 0-0-0 10. 0-0-0 e6 11. a3 Be7 12. Bc4 Rhe8 13. Rhe1 g5 14. Ba2 h6 15. g4 Rf8 16. h4 Nd5 17. Nxd5 exd5 18. hxg5 hxg5 19. Rh1 Qe6 20. Rh7 f5 21. gxf5 Qxf5 22. Qxf5+ Rxf5 23. Rdh1 Bd6 24. Rg7 Re8 25. Rxg5 Nxd4 26. Bxd5 Rxg5 27. Bxg5 c6 28. Bc4 Rf8 29. Be3 Nf3 30. Rh7 Ne5 31. Be6+ Kb8 32. f4 Ng6 33. f5 Nf4 34. Bxf4 Bxf4+ 35. Kd1 Be5 36. b3 Rh8 37. Rf7 Rh2 38. Ke1 Bc3+ 39. Kf1 Bd4 1/2-1/2

[Event "Buenos Aires Grafica Yael 1st"]
[Site "Buenos Aires"]
[Date "2010.07.27"]
[Round "4"]
[White "Zapata Ferrada, Marco"]
[Black "Slipak, Sergio"]
[Result "1/2-1/2"]
[WhiteElo "2378"]
[BlackElo "2452"]
[PlyCount "31"]
[EventDate "2010.07.24"]
[EventType "tourn"]
[EventRounds "9"]
[EventCountry "ARG"]
[EventCategory "6"]
[SourceTitle "CBM 137 Extra"]
[Source "ChessBase"]
[SourceDate "2010.09.01"]
[SourceVersion "1"]
[SourceVersionDate "2010.09.01"]
[SourceQuality "1"]

1. e4 e5 2. Nf3 Nc6 3. Bb5 Nf6 4. d3 d6 5. 0-0 Bd7 6. c3 g6 7. Bg5 Bg7 8. Nbd2 h6 9. Bh4 0-0 10. Re1 Qe8 11. Nf1 Nh5 12. Ne3 Nf4 13. Bg3 Nh5 14. Bh4 Nf4 15. Bg3 Nh5 16. Bh4 1/2-1/2

[Event "Buenos Aires Grafica Yael 1st"]
[Site "Buenos Aires"]
[Date "2010.07.26"]
[Round "3"]
[White "Blit, Jacques"]
[Black "Zapata Ferrada, Marco"]
[Result "1-0"]
[WhiteElo "2307"]
[BlackElo "2378"]
[PlyCount "91"]
[EventDate "2010.07.24"]
[EventType "tourn"]
[EventRounds "9"]
[EventCountry "ARG"]
[EventCategory "6"]
[SourceTitle "CBM 137 Extra"]
[Source "ChessBase"]
[SourceDate "2010.09.01"]
[SourceVersion "1"]
[SourceVersionDate "2010.09.01"]
[SourceQuality "1"]

1. e4 c5 2. Nf3 d6 3. d4 cxd4 4. Nxd4 Nf6 5. Nc3 g6 6. Be3 Bg7 7. Be2 0-0 8. 0-0 Nc6 9. Nb3 Be6 10. f4 Qc8 11. h3 Rd8 12. Qe1 Nb4 13. Nd4 Bc4 14. a3 Bxe2 15. Qxe2 Nc6 16. Rad1 Nxd4 17. Bxd4 e5 18. fxe5 dxe5 19. Be3 Qc6 20. Rxd8+ Rxd8 21. Bg5 Rd6 22. Qf2 Qb6 23. Qxb6 Rxb6 24. Rd1 Bf8 25. b4 a5 26. bxa5 Rc6 27. Bxf6 Bc5+ 28. Kh2 Rxf6 29. Rd7 Ra6 30. Rxb7 Bd4 31. Nb5 Rxa5 32. Nd6 Rxa3 33. Nxf7 Be3 34. g3 Rc3 35. Nxe5 Rxc2+ 36. Kh1 Re2 37. Nc6 Bc5 38. e5 h5 39. h4 Ba3 40. Rb3 Bb2 41. Rb8+ Kg7 42. Rb7+ Kf8 43. Ne7 Kf7 44. Nd5+ Kg8 45. e6 Ba3 46. Nf6+ 1-0

[Event "Buenos Aires Grafica Yael 1st"]
[Site "Buenos Aires"]
[Date "2010.07.25"]
[Round "2"]
[White "Zapata Ferrada, Marco"]
[Black "Labollita, Martin"]
[Result "1/2-1/2"]
[WhiteElo "2378"]
[BlackElo "2413"]
[PlyCount "33"]
[EventDate "2010.07.24"]
[EventType "tourn"]
[EventRounds "9"]
[EventCountry "ARG"]
[EventCategory "6"]
[SourceTitle "CBM 137 Extra"]
[Source "ChessBase"]
[SourceDate "2010.09.01"]
[SourceVersion "1"]
[SourceVersionDate "2010.09.01"]
[SourceQuality "1"]

1. d4 f5 2. c4 Nf6 3. Nc3 g6 4. g3 Bg7 5. Bg2 d6 6. Nh3 0-0 7. 0-0 a5 8. Nf4 Na6 9. e4 c6 10. Re1 e5 11. dxe5 dxe5 12. Nd3 Nb4 13. Nxe5 Nxe4 14. f4 Bxe5 15. fxe5 Nxc3 16. bxc3 Nd3 17. Bd5+ 1/2-1/2

[Event "Mercosur ol 1st"]
[Site "Mar del Plata"]
[Date "2009.06.23"]
[Round "4"]
[White "Zapata Ferrada, Marco"]
[Black "Alonso, Salvador"]
[Result "1/2-1/2"]
[WhiteElo "2378"]
[BlackElo "2441"]
[PlyCount "100"]
[EventDate "2009.06.20"]
[EventType "team-tourn"]
[EventRounds "7"]
[EventCountry "ARG"]
[SourceTitle "CBM 131 Extra"]
[Source "ChessBase"]
[SourceDate "2009.09.03"]
[SourceVersion "2"]
[SourceVersionDate "2009.09.16"]
[SourceQuality "1"]

1. c4 c6 2. d4 d5 3. cxd5 cxd5 4. Nc3 Nf6 5. Bf4 Nc6 6. e3 a6 7. Bd3 Bg4 8. f3 Bd7 9. Nge2 e6 10. g4 b5 11. Ng3 Rc8 12. Kf2 Na5 13. g5 Ng8 14. Qe2 Ne7 15. Bd6 Nb7 16. Bxe7 Bxe7 17. f4 Nd6 18. h4 Qb6 19. Kg2 b4 20. Nd1 Bb5 21. Nf2 0-0 22. h5 Rc7 23. g6 fxg6 24. hxg6 h6 25. Qg4 Nc4 26. Rae1 Nxb2 27. Bb1 Bf6 28. Nh5 Na4 29. Qh3 Qd6 30. Ng4 Qe7 31. Nhxf6+ Rxf6 32. Nxf6+ Qxf6 33. Qh4 Qxh4 34. Rxh4 Nc3 35. f5 Nxb1 36. Rxb1 exf5 37. Rxb4 Rc6 38. Kf3 Rxg6 39. Kf4 Re6 40. Kxf5 Rxe3 41. Kf4 Re7 42. Rh3 Re4+ 43. Kf3 Re7 44. a4 Bc4 45. Rh2 Kh7 46. Rhb2 h5 47. Rb7 Re6 48. Rg2 Rf6+ 49. Ke3 Re6+ 50. Kf3 Rf6+ 1/2-1/2

[Event "Mercosur ol 1st"]
[Site "Mar del Plata"]
[Date "2009.06.20"]
[Round "1"]
[White "Zapata Ferrada, Marco"]
[Black "Rodriguez Vila, Andres"]
[Result "0-1"]
[WhiteElo "2378"]
[BlackElo "2524"]
[PlyCount "75"]
[EventDate "2009.06.20"]
[EventType "team-tourn"]
[EventRounds "7"]
[EventCountry "ARG"]
[SourceTitle "CBM 131 Extra"]
[Source "ChessBase"]
[SourceDate "2009.09.03"]
[SourceVersion "2"]
[SourceVersionDate "2009.09.16"]
[SourceQuality "1"]

1. d4 e6 2. Nf3 c5 3. g3 cxd4 4. Nxd4 Nc6 5. Bg2 Qb6 6. Nb3 d5 7. 0-0 Nf6 8. Nc3 Be7 9. Be3 Qd8 10. Bc5 Bxc5 11. Nxc5 b6 12. Nd3 Ba6 13. e4 dxe4 14. Nxe4 Rc8 15. Nxf6+ gxf6 16. Re1 Bxd3 17. Bxc6+ Rxc6 18. Qxd3 Qxd3 19. cxd3 Ke7 20. Rac1 Rhc8 21. Rxc6 Rxc6 22. Re4 Rd6 23. Ra4 a5 24. Ra3 Rd5 25. Kf1 Rb5 26. Rb3 Rxb3 27. axb3 Kd6 28. Ke2 Kc5 29. Kd2 Kb4 30. Kc2 f5 31. d4 f6 32. f3 e5 33. dxe5 fxe5 34. g4 fxg4 35. fxg4 Kc5 36. Kd3 Kd5 37. Ke3 e4 38. h3 0-1

[Event "CHI-ch 0809"]
[Site "Santiago de Chile"]
[Date "2009.02.21"]
[Round "10"]
[White "Rios Escobar, Adan"]
[Black "Zapata Ferrada, Marco"]
[Result "1/2-1/2"]
[WhiteElo "2280"]
[BlackElo "2375"]
[PlyCount "146"]
[EventDate "2009.01.13"]
[EventType "tourn"]
[EventRounds "11"]
[EventCountry "CHI"]
[SourceTitle "EXT 2012"]
[Source "ChessBase"]
[SourceDate "2011.11.24"]
[SourceVersion "1"]
[SourceVersionDate "2011.11.24"]
[SourceQuality "1"]

1. e4 e5 2. f4 d5 3. exd5 e4 4. d3 Nf6 5. Qe2 Bg4 6. Nf3 Qxd5 7. Nbd2 Bf5 8. dxe4 Nxe4 9. Ng5 Nc6 10. Ngxe4 0-0-0 11. Qc4 Qxc4 12. Bxc4 Bxe4 13. Nxe4 Re8 14. Bxf7 Rxe4+ 15. Kf2 Bc5+ 16. Kg3 Rd8 17. Bh5 Nd4 18. Bg4+ Kb8 19. Rd1 Ree8 20. c3 Nf5+ 21. Kh3 Rxd1 22. Bxd1 Re1 23. Bc2 g6 24. Rb1 Nd6 25. g3 a5 26. a3 b5 27. Bd2 Re2 28. b4 axb4 29. axb4 Bf2 30. Rd1 Nc4 31. f5 gxf5 32. Bxf5 Nxd2 33. Bd3 Re3 34. Rxd2 Be1 35. Rd1 Bxc3 36. Bxb5 Bxb4 37. Bc6 Bd6 38. Rd5 Ka7 39. Rh5 Re7 40. Bd5 Rg7 41. Be4 Kb6 42. Rxh7 Rg5 43. Kg2 Kc5 44. Bf3 Kd4 45. Rd7 Ke3 46. Rd8 Rb5 47. Re8+ Be5 48. Bc6 Rb2+ 49. Kh3 Kd4 50. Re6 Rc2 51. Rh6 Ke3 52. Kg4 Bd6 53. Bd5 Rd2 54. Ba8 Ra2 55. Rh8 Ra4+ 56. Kh3 Ra2 57. Re8+ Kf2 58. Bc6 Kg1 59. Re1+ Kf2 60. Rc1 Ke3 61. Bb5 Ke4 62. Bc4 Rd2 63. Ra1 Kf5 64. Ra2 Rxa2 65. Bxa2 Kg5 66. Kg2 Kg4 67. Be6+ Kg5 68. Kf3 Kh5 69. Bd5 Kg5 70. h4+ Kh5 71. Bf7+ Kh6 72. g4 Be7 73. Kg3 Bd6+ 1/2-1/2

[Event "American Continental 03rd"]
[Site "Buenos Aires"]
[Date "2005.08.14"]
[Round "9"]
[White "Zapata Ferrada, Marco"]
[Black "Demaria, Juan Pablo"]
[Result "1/2-1/2"]
[WhiteElo "2353"]
[BlackElo "2272"]
[PlyCount "108"]
[EventDate "2005.08.06"]
[EventType "swiss"]
[EventRounds "11"]
[EventCountry "ARG"]
[SourceTitle "CBM 107 Extra"]
[Source "ChessBase"]
[SourceDate "2005.09.01"]
[SourceVersion "1"]
[SourceVersionDate "2005.09.01"]
[SourceQuality "1"]

1. e4 c5 2. Nf3 d6 3. d4 cxd4 4. Nxd4 Nf6 5. Nc3 Nc6 6. Bc4 e6 7. Bb3 a6 8. Be3 Be7 9. Qe2 Qc7 10. 0-0-0 Na5 11. g4 b5 12. g5 Nxb3+ 13. axb3 Nd7 14. h4 b4 15. Na4 Nc5 16. Qc4 Bd7 17. Qxb4 Nxa4 18. bxa4 Rb8 19. Qc3 Qxc3 20. bxc3 Bxa4 21. Kd2 e5 22. Nf5 Bf8 23. Rb1 Rxb1 24. Rxb1 Bb5 25. c4 Bxc4 26. Rb7 g6 27. Ng3 Be7 28. Rc7 Bb5 29. c4 Bd7 30. Ra7 Bc8 31. Rc7 Be6 32. Kd3 f5 33. gxf6 Bxf6 34. h5 0-0 35. hxg6 hxg6 36. Ra7 Rc8 37. c5 Rc6 38. cxd6 Rxd6+ 39. Kc3 Bd8 40. Nf1 Ba5+ 41. Kc2 Bb4 42. Nd2 a5 43. Rc7 a4 44. Nc4 Ra6 45. Nxe5 Bd6 46. Rc6 Bb3+ 47. Kd2 Bb4+ 48. Kd3 Rxc6 49. Nxc6 Bf8 50. Kc3 Bd1 51. Bd4 a3 52. Ne5 Kh7 53. Nd7 Bh6 54. Nf6+ Kg7 1/2-1/2

[Event "American Continental 03rd"]
[Site "Buenos Aires"]
[Date "2005.08.12"]
[Round "7"]
[White "Zapata Ferrada, Marco"]
[Black "Duje, Rafael"]
[Result "1-0"]
[WhiteElo "2353"]
[BlackElo "2146"]
[PlyCount "61"]
[EventDate "2005.08.06"]
[EventType "swiss"]
[EventRounds "11"]
[EventCountry "ARG"]
[SourceTitle "CBM 107 Extra"]
[Source "ChessBase"]
[SourceDate "2005.09.01"]
[SourceVersion "1"]
[SourceVersionDate "2005.09.01"]
[SourceQuality "1"]

1. e4 c5 2. Nf3 d6 3. d4 cxd4 4. Nxd4 Nf6 5. Nc3 a6 6. Be3 e6 7. f3 Be7 8. Qd2 Qc7 9. g4 h6 10. 0-0-0 Nc6 11. h4 Ne5 12. Kb1 Nfd7 13. Bd3 Nb6 14. Qf2 Nbc4 15. Bc1 b5 16. b3 Qa5 17. Bxc4 bxc4 18. Bb2 Bd7 19. g5 h5 20. f4 Ng4 21. Qf3 0-0 22. f5 Rfc8 23. g6 Bf6 24. gxf7+ Kxf7 25. fxe6+ Bxe6 26. Nxe6 Kxe6 27. Nd5 Rh8 28. Qf5+ Kf7 29. Qd7+ Kg8 30. Bxf6 Nxf6 31. Nxf6+ 1-0

[Event "American Continental 03rd"]
[Site "Buenos Aires"]
[Date "2005.08.09"]
[Round "4"]
[White "Goldwaser, Christian"]
[Black "Zapata Ferrada, Marco"]
[Result "1/2-1/2"]
[WhiteElo "2180"]
[BlackElo "2353"]
[PlyCount "81"]
[EventDate "2005.08.06"]
[EventType "swiss"]
[EventRounds "11"]
[EventCountry "ARG"]
[SourceTitle "CBM 107 Extra"]
[Source "ChessBase"]
[SourceDate "2005.09.01"]
[SourceVersion "1"]
[SourceVersionDate "2005.09.01"]
[SourceQuality "1"]

1. Nf3 Nf6 2. d4 g6 3. c4 Bg7 4. g3 0-0 5. Bg2 d6 6. 0-0 Nc6 7. Nc3 e5 8. d5 Ne7 9. e4 Nd7 10. Ne1 f5 11. Nd3 Nf6 12. Bg5 Nxe4 13. Nxe4 fxe4 14. Bxe4 Bf5 15. Qe2 Qd7 16. Bxe7 Qxe7 17. Rfe1 Bh6 18. b4 Qf6 19. c5 Bxe4 20. Qxe4 Qf5 21. Qc4 Rae8 22. Re4 b5 23. cxb6 cxb6 24. Rae1 Rc8 25. Qb3 Bd2 26. R1e2 Rc3 27. Qb1 Rfc8 28. Kg2 Rf8 29. Kg1 Qf3 30. Ne1 Bxe1 31. Qxe1 Rfc8 32. R2e3 Rxe3 33. Rxe3 Qxd5 34. Rc3 Rc4 35. Rxc4 Qxc4 36. Qd2 Qe6 37. Qg5 Kf7 38. Qh6 Kg8 39. Qg5 Qe8 40. Qf6 d5 41. Qd6 1/2-1/2

[Event "American Continental 03rd"]
[Site "Buenos Aires"]
[Date "2005.08.07"]
[Round "2"]
[White "Akobian, Varuzhan"]
[Black "Zapata Ferrada, Marco"]
[Result "1-0"]
[WhiteElo "2558"]
[BlackElo "2353"]
[PlyCount "127"]
[EventDate "2005.08.06"]
[EventType "swiss"]
[EventRounds "11"]
[EventCountry "ARG"]
[SourceTitle "CBM 109"]
[Source "ChessBase"]
[SourceDate "2005.11.14"]
[SourceVersion "1"]
[SourceVersionDate "2005.11.14"]
[SourceQuality "1"]

1. d4 d5 2. c4 e6 3. Nc3 Be7 4. Nf3 Nf6 5. Bf4 0-0 6. Rc1 c5 7. dxc5 Bxc5 8. cxd5 exd5 9. e3 Nc6 10. Be2 Be6 11. a3 Rc8 12. 0-0 a6 13. Na4 Bd6 14. Bxd6 Qxd6 15. Nc5 Ne5 16. Qd4 Nxf3+ 17. Bxf3 Qb6 18. b4 Rc6 19. Rfd1 Qc7 20. g4 Bxg4 21. Bxg4 Nxg4 22. Qxg4 Rg6 23. Qxg6 hxg6 24. Ne6 Qxc1 25. Rxc1 fxe6 26. Kg2 g5 27. Kg3 Rf7 28. Rc8+ Kh7 29. Re8 Rd7 30. Rxe6 d4 31. exd4 Rxd4 32. f3 a5 33. Re4 Rd5 34. a4 axb4 35. Rxb4 Ra5 36. Kg4 Kh6 37. Rb6+ g6 38. Rb4 Rf5 39. Kg3 Ra5 40. Kg4 Rf5 41. Kg3 Ra5 42. Kf2 b6 43. h4 gxh4 44. Rxh4+ Rh5 45. Rb4 Rh2+ 46. Ke3 Ra2 47. Ke4 Kg5 48. f4+ Kg4 49. Kd5 Rf2 50. Rxb6 Kxf4 51. Rxg6 Kf5 52. Ra6 Rh2 53. Kc5 Rh1 54. Rb6 Ra1 55. Kb5 Ke5 56. a5 Kd5 57. Rh6 Rb1+ 58. Ka6 Ra1 59. Kb6 Rb1+ 60. Kc7 Rc1+ 61. Kb7 Rb1+ 62. Kc7 Rc1+ 63. Kd7 Kc5 64. Rc6+ 1-0

[Event "Navarro Memorial"]
[Site "Santiago de Chile"]
[Date "1997.??.??"]
[Round "9"]
[White "Vasquez Schroder, Rodrigo Rafael"]
[Black "Zapata Ferrada, Marco"]
[Result "1-0"]
[WhiteElo "2505"]
[BlackElo "2265"]
[PlyCount "85"]
[EventDate "1997.??.??"]
[EventType "tourn"]
[EventRounds "9"]
[EventCountry "CHI"]
[EventCategory "3"]
[SourceTitle "EXT 1998"]
[Source "ChessBase"]
[SourceDate "1997.11.17"]
[SourceVersion "1"]
[SourceVersionDate "1997.11.17"]
[SourceQuality "1"]

1. c4 e5 2. Nc3 Nf6 3. Nf3 d6 4. g3 g6 5. Bg2 Bg7 6. d4 Nbd7 7. 0-0 0-0 8. e4 c6 9. h3 Qa5 10. Re1 Re8 11. Re2 Qb4 12. Rc2 exd4 13. Nxd4 Nc5 14. Bd2 Qb6 15. Be3 Qd8 16. f3 a5 17. Rd2 Qe7 18. Bf2 Bd7 19. Qc2 Bh6 20. Re2 Nh5 21. Rd1 Qf6 22. Kh2 Ne6 23. Nxe6 Bxe6 24. Rxd6 Bf4 25. Rxe6 fxe6 26. gxf4 Nxf4 27. e5 Qg5 28. Bg3 Nxe2 29. Qxe2 Qc1 30. Ne4 Red8 31. Nd6 a4 32. h4 a3 33. b3 Qb2 34. Qf2 b5 35. Bh3 Rf8 36. Bxe6+ Kg7 37. Kg2 Rad8 38. c5 b4 39. f4 Kh8 40. Bc4 Qc3 41. h5 Qb2 42. hxg6 hxg6 43. e6 1-0

[Event "Navarro Memorial"]
[Site "Santiago de Chile"]
[Date "1997.??.??"]
[Round "8"]
[White "Zapata Ferrada, Marco"]
[Black "Barria Zuniga, Daniel"]
[Result "1/2-1/2"]
[WhiteElo "2265"]
[BlackElo "2355"]
[PlyCount "42"]
[EventDate "1997.??.??"]
[EventType "tourn"]
[EventRounds "9"]
[EventCountry "CHI"]
[EventCategory "3"]
[SourceTitle "EXT 1998"]
[Source "ChessBase"]
[SourceDate "1997.11.17"]
[SourceVersion "1"]
[SourceVersionDate "1997.11.17"]
[SourceQuality "1"]

1. e4 c5 2. Nf3 e6 3. d4 cxd4 4. Nxd4 a6 5. c4 Nf6 6. Nc3 d6 7. Be3 b6 8. g3 Bb7 9. Bg2 Nbd7 10. 0-0 Rc8 11. Qe2 Qc7 12. b3 Be7 13. Rac1 Qb8 14. Nd5 Bd8 15. Bh3 exd5 16. exd5 0-0 17. Nf5 Re8 18. Nxg7 Kxg7 19. Bxd7 Nxd7 20. Qg4+ Kh8 21. Qxd7 Bf6 1/2-1/2

[Event "Santiago ARAIS tt-B"]
[Site "Santiago de Chile"]
[Date "1993.??.??"]
[Round "?"]
[White "Donoso Velasco, Pedro H"]
[Black "Zapata Ferrada, Marco"]
[Result "1/2-1/2"]
[WhiteElo "2370"]
[BlackElo "2230"]
[PlyCount "52"]
[EventDate "1992.??.??"]
[EventType "swiss"]
[EventRounds "9"]
[EventCountry "CHI"]
[SourceTitle "EXT 1999"]
[Source "ChessBase"]
[SourceDate "1998.11.16"]
[SourceVersion "1"]
[SourceVersionDate "1998.11.16"]
[SourceQuality "1"]

1. e4 c5 2. Nf3 Nc6 3. d4 cxd4 4. Nxd4 Nf6 5. Nc3 e5 6. Ndb5 d6 7. a4 a6 8. Na3 Be6 9. Bg5 Be7 10. Bc4 0-0 11. 0-0 Rc8 12. Bxf6 Bxf6 13. Nd5 Bg5 14. c3 Ne7 15. Qd3 Nxd5 16. Bxd5 Bxd5 17. Qxd5 Qc7 18. Rfd1 Qc6 19. Nc2 Qxd5 20. Rxd5 Rc4 21. f3 f5 22. exf5 Rxf5 23. Rxd6 e4 24. fxe4 Rxe4 25. Rf1 Rxf1+ 26. Kxf1 Rxa4 1/2-1/2

[Event "CHI-ch"]
[Site "Santiago de Chile"]
[Date "1993.??.??"]
[Round "?"]
[White "Rojas Keim, Luis Alberto"]
[Black "Zapata Ferrada, Marco"]
[Result "1-0"]
[WhiteElo "2310"]
[BlackElo "2230"]
[PlyCount "63"]
[EventDate "1993.??.??"]
[EventType "tourn"]
[EventRounds "13"]
[EventCountry "CHI"]
[SourceTitle "EXT 1998"]
[Source "ChessBase"]
[SourceDate "1997.11.17"]
[SourceVersion "1"]
[SourceVersionDate "1997.11.17"]
[SourceQuality "1"]

1. e4 Nf6 2. e5 Nd5 3. d4 d6 4. Nf3 dxe5 5. Nxe5 g6 6. Bc4 c6 7. 0-0 Bg7 8. Qe2 0-0 9. Bb3 Be6 10. c4 Nb6 11. Rd1 Qc8 12. Nc3 N8d7 13. Nf3 c5 14. d5 Bg4 15. h3 Bxf3 16. Qxf3 Bd4 17. Bg5 f6 18. Bh6 Re8 19. Qe2 Nf8 20. Be3 e5 21. Bxd4 exd4 22. Ne4 Qc7 23. f3 Qe5 24. Qf2 Nfd7 25. Re1 Qf4 26. g3 Qc7 27. f4 Kg7 28. Re2 a5 29. a4 Rad8 30. Rae1 Nc8 31. Bc2 Kf7 32. Ng5+ 1-0

[Event "CHI-ch"]
[Site "Santiago de Chile"]
[Date "1993.??.??"]
[Round "?"]
[White "Zapata Ferrada, Marco"]
[Black "Bombardiere Rosas, Eduardo"]
[Result "0-1"]
[WhiteElo "2230"]
[BlackElo "2270"]
[PlyCount "66"]
[EventDate "1993.??.??"]
[EventType "tourn"]
[EventRounds "13"]
[EventCountry "CHI"]
[SourceTitle "EXT 1998"]
[Source "ChessBase"]
[SourceDate "1997.11.17"]
[SourceVersion "1"]
[SourceVersionDate "1997.11.17"]
[SourceQuality "1"]

1. d4 Nf6 2. c4 e6 3. Nf3 Bb4+ 4. Bd2 a5 5. e3 d6 6. Bd3 Nbd7 7. Bxb4 axb4 8. Nbd2 Qe7 9. 0-0 e5 10. Qc2 b6 11. Rfe1 Bb7 12. dxe5 Nxe5 13. Nxe5 Qxe5 14. f4 Qc5 15. Ne4 Bxe4 16. Bxe4 Ra5 17. Qd3 0-0 18. Bf3 Re8 19. Kh1 h5 20. h3 h4 21. a3 bxa3 22. Rxa3 Rxa3 23. bxa3 g6 24. Re2 Nh5 25. Kh2 Ng3 26. Re1 Rxe3 27. Rxe3 Qxe3 28. Qxe3 Nf1+ 29. Kg1 Nxe3 30. Be2 Nc2 31. a4 Nd4 32. Bd3 Ne6 33. f5 Nc5 0-1

[Event "CHI-ch"]
[Site "Santiago de Chile"]
[Date "1993.??.??"]
[Round "?"]
[White "Zapata Ferrada, Marco"]
[Black "Godoy Bugueno, David A"]
[Result "1/2-1/2"]
[WhiteElo "2230"]
[BlackElo "2315"]
[PlyCount "39"]
[EventDate "1993.??.??"]
[EventType "tourn"]
[EventRounds "13"]
[EventCountry "CHI"]
[SourceTitle "EXT 1998"]
[Source "ChessBase"]
[SourceDate "1997.11.17"]
[SourceVersion "1"]
[SourceVersionDate "1997.11.17"]
[SourceQuality "1"]

1. e4 c5 2. c3 d6 3. d4 Nd7 4. Nf3 e6 5. Bd3 Ngf6 6. 0-0 Be7 7. Re1 e5 8. dxe5 dxe5 9. Nbd2 Qc7 10. Nc4 b5 11. Ne3 c4 12. Bc2 0-0 13. Qe2 Bb7 14. Nf5 Bc5 15. Bg5 Rfe8 16. Rad1 Qb6 17. N3h4 Re6 18. Qf3 Nf8 19. b4 Be7 20. Nxe7+ 1/2-1/2

[Event "Santiago ARAIS tt-B"]
[Site "Santiago de Chile"]
[Date "1992.??.??"]
[Round "?"]
[White "Zapata Ferrada, Marco"]
[Black "Labra Carreno, Martin"]
[Result "1-0"]
[WhiteElo "2240"]
[BlackElo "2360"]
[PlyCount "71"]
[EventDate "1992.??.??"]
[EventType "swiss"]
[EventRounds "9"]
[EventCountry "CHI"]
[SourceTitle "EXT 2002"]
[Source "ChessBase"]
[SourceDate "2001.11.25"]
[SourceVersion "1"]
[SourceVersionDate "2001.11.25"]
[SourceQuality "1"]

1. e4 c5 2. Nf3 Nc6 3. d4 cxd4 4. Nxd4 Nf6 5. Nc3 d6 6. Bc4 Qb6 7. Nb3 a6 8. 0-0 e6 9. Kh1 Qc7 10. Bd3 Ne5 11. Bg5 Be7 12. Qe2 Bd7 13. f4 Nxd3 14. cxd3 0-0 15. e5 dxe5 16. fxe5 Nd5 17. Nxd5 exd5 18. Bxe7 Rfe8 19. Bb4 Rxe5 20. Qf3 Rf5 21. Qg3 Qb6 22. Bc3 f6 23. Rxf5 Bxf5 24. Qf3 Be6 25. Re1 Qd6 26. Nd4 Bf7 27. Nf5 Qc5 28. Qg4 Bg6 29. Ne7+ Kh8 30. Nxg6+ hxg6 31. Qxg6 Qf2 32. Qh5+ Kg8 33. Qxd5+ Kh8 34. Qf3 Qb6 35. Re4 Rd8 36. Qh3+ 1-0

[Event "Santiago op"]
[Site "Santiago de Chile"]
[Date "1992.??.??"]
[Round "9"]
[White "Zapata Ferrada, Marco"]
[Black "Toro Diaz, Felipe"]
[Result "1-0"]
[WhiteElo "2240"]
[BlackElo "2285"]
[PlyCount "75"]
[EventDate "1992.??.??"]
[EventType "swiss"]
[EventRounds "9"]
[EventCountry "CHI"]
[SourceTitle "EXT 1998"]
[Source "ChessBase"]
[SourceDate "1997.11.17"]
[SourceVersion "1"]
[SourceVersionDate "1997.11.17"]
[SourceQuality "1"]

1. d4 Nf6 2. c4 e6 3. Nf3 d5 4. Nc3 Bb4 5. Qa4+ Nc6 6. Bg5 0-0 7. e3 Bd7 8. Qc2 Be7 9. a3 dxc4 10. Bxc4 Na5 11. Be2 c5 12. dxc5 Rc8 13. b4 Nc6 14. 0-0 a5 15. Qb2 Nb8 16. Nb5 h6 17. Bh4 axb4 18. axb4 Nd5 19. Bxe7 Qxe7 20. Nd6 Rc7 21. Ne5 b6 22. Nxd7 Nxd7 23. Nb5 Rcc8 24. Na7 Rc7 25. cxb6 N7xb6 26. Nb5 Rb7 27. Rfb1 Rc8 28. Nd4 Nc3 29. Ba6 Nxb1 30. Bxb7 Qxb7 31. Qxb1 Nd5 32. b5 Nc3 33. Qb4 Qe4 34. Qb2 Qd3 35. h3 e5 36. Nc6 Kh8 37. b6 Na4 38. b7 1-0